| 000 | 00806nam a22002297a 4500 | ||
|---|---|---|---|
| 005 | 20140828103656.0 | ||
| 010 | _aENG-108672 | ||
| 020 |
_a9789325969230 _c330.00 (395.00 BPPD) |
||
| 035 | _aEN-92205 | ||
| 035 | _aB-537782-795 | ||
| 037 | _bDBAD/PUB | ||
| 037 |
_bMallika Books/Ven _adpl |
||
| 082 | _a337 | ||
| 100 | _aDwivedi, D. N. | ||
| 245 | 1 | 0 |
_aInternational economics : _cby D. N. Dwivedi _btheory and policy / |
| 260 |
_aNoida _bVikas Publishing House _c2013 |
||
| 270 |
_aE-28, Sector-8 _bNoida _e201301 |
||
| 300 |
_axx,540p. : _c24cm(pbk) _bill. |
||
| 500 | _aIncludes bibliographical references and index | ||
| 942 |
_2ddc _cEN _mDWI _h337 |
||
| 999 |
_c80834 _d80834 |
||